¿Qué es una nación? / (Record no. 126334)

MARC details
000 -LEADER
campo de control de longitud fija 00712nam a2200205 4500
001 - NÚMERO DE CONTROL
campo de control 126334
003 - IDENTIFICADOR DE NÚMERO DE CONTROL
campo de control ES-MaACL
005 - FECHA Y HORA DE LA ÚLTIMA TRANSACCIÓN
campo de control 20250703063110.0
007 - CAMPO FIJO DE DESCRIPCIÓN FÍSICA--INFORMACIÓN GENERAL
campo de control de longitud fija t|
008 - DATOS DE LONGITUD FIJA--INFORMACIÓN GENERAL
campo de control de longitud fija 070214s1983 sp r ||||1| spa d
100 1# - ENTRADA PRINCIPAL--NOMBRE DE PERSONA
Nombre de persona Renan, Ernest,
Fechas asociadas al nombre 1823-1892
9 (RLIN) 96168
245 11 - MENCIÓN DEL TÍTULO
Título ¿Qué es una nación? /
Mención de responsabilidad, etc. Ernesto Renán ; traducción y estudio preliminar de Rodrigo Fernández-Carvajal.
250 ## - MENCION DE EDICION
Mención de edición 2ª ed.
260 ## - PUBLICACIÓN, DISTRIBUCIÓN, ETC.
Lugar de publicación, distribución, etc. Madrid :
Nombre del editor, distribuidor, etc. Centro de Estudios Constitucionales,
Fecha de publicación, distribución, etc. 1983.
300 ## - DESCRIPCIÓN FÍSICA
Extensión LXIV, 41 p. ;
Dimensiones 20 cm.
700 0# - ENTRADA AGREGADA--NOMBRE PERSONAL
Nombre de persona Fernández-Carvajal, Rodrigo.
9 (RLIN) 49557
700 2# - ENTRADA AGREGADA--NOMBRE PERSONAL
Nombre de persona Centro de Estudios Constitucionales (España)
9 (RLIN) 219249
852 ## - LOCALIZACIÓN
Ubicación ES-MaACL
Número de control de estantería L-11935
Sublocalización o colección R.113853
Holdings
Estatus retirado Estado de pérdida Estado de daño No para préstamo Biblioteca de origen Biblioteca actual Ubicación en estantería Fecha de adquisición Fuente de adquisición Total de préstamos Signatura topográfica completa Código de barras Visto por última vez Precio de reemplazo Tipo de ítem Koha
        Biblioteca del Ateneo de Madrid Biblioteca del Ateneo de Madrid Depósito 2 17/01/2008     L-11935 1131584 23/02/2023 23/02/2023 Libro impreso